书目信息 |
| 题名: |
二刻拍案惊奇足本
|
|
| 作者: | ] 著 | |
| 分册: | ||
| 出版信息: | 天津 百花文艺出版社 1993.06 |
|
| 页数: | 770页 | |
| 开本: | 32开 | |
| 丛书名: | ||
| 单 册: | ||
| 中图分类: | ||
| 科图分类: | ||
| 主题词: | 小说--中国 | |
| 电子资源: | ||
| ISBN: | 7-5306-1308-1 | |
| 000 | 00588nam0 2200205 45 | |
| 001 | 9909291059 | |
| 005 | 20000902180439.5 | |
| 010 | @a7-5306-1308-1@d27.00元 | |
| 100 | @a19990929d1993 km y0chiy0120 ea | |
| 101 | @achi | |
| 105 | @a z 000yy | |
| 200 | 1 | @a二刻拍案惊奇足本@AEr Ke Pai An Jing Qi Zu Ben@f](明)凌蒙初著@F](Ming)Ling Meng Chu Zhu |
| 210 | @a天津@c百花文艺出版社@d1993.06 | |
| 215 | @a770页@d32开 | |
| 606 | 0 | @a小说@x中国 |
| 690 | @v3 | |
| 690 | @aI242.2@v3 | |
| 701 | @a]@b明凌蒙初@4著 | |
| 801 | @aCN@bPFTUser@c19990929 | |
| 905 | @dI242.2@eL970/5@b114945-946@f2 | |
| 二刻拍案惊奇足本/](明)凌蒙初著.-天津:百花文艺出版社,1993.06 |
| 770页;32开 |
| ISBN 7-5306-1308-1:27.00元 |
| ● |
| 相关链接 |
|
|
|
正题名:二刻拍案惊奇足本
索取号:I242.2/L970/5
 
预约/预借
| 序号 | 登录号 | 条形码 | 馆藏地/架位号 | 状态 | 备注 |
| 1 | 114945 | 201149453 | 文学库108/108文学库 21排4列5层/ [索取号:I242.2/L970/5] | 在馆 | |
| 2 | 114946 | 201149462 | 文学库108/ [索取号:I242.2/L970/5] | 在馆 |